| 000 | 04298nam a22004697a 4500 | ||
|---|---|---|---|
| 005 | 2012011703453.0 | ||
| 010 | _aB-469345-365 | ||
| 020 |
_a8173014329 _c160.00 |
||
| 020 |
_a9781730143298 _c160.00 |
||
| 035 | _aB-469345-365 | ||
| 037 |
_aDPL _bBlue Berry/Ven |
||
| 082 | _a539 | ||
| 100 |
_aChawla, Anuj _953786 |
||
| 245 |
_aAtomic Energy / _cby Anuj Chawla |
||
| 260 |
_aNew Delhi _bDreamland _c2011 |
||
| 270 |
_aJ-128, Kirti Nagar _bNew Delhi _e110015 _k011-25106050 _l011-25438283 _mdreamland@vsnl.com |
||
| 300 |
_a64p. _bCOL.ill _c28 cm |
||
| 490 |
_aKnow About Science _953787 |
||
| 942 |
_2ddc _cCH _mCHA _h539 |
||
| 999 |
_c61034 _d61034 |
||